| 000 | 00811nam a22002177a 4500 | ||
|---|---|---|---|
| 999 |
_c1608 _d1608 |
||
| 003 | AR-CdUCM | ||
| 008 | 190227b ||||| |||| 00| 0 spa d | ||
| 040 |
_aMUNICIPALIDAD PROVINCIAL DEL CUSCO _cBIBLIOTECA MUNICIPAL DEL CUSCO |
||
| 082 |
_b335.411 / _2T41 |
||
| 100 |
_aTerray, Emanuel _96022 |
||
| 245 |
_aEl marxismo ante las sociedades primitivas / _cEmmanuel Terray |
||
| 260 |
_aBuenos Aires : _bLosada, _c1971. |
||
| 300 |
_a176 paginas ; _c20 cm. |
||
| 505 | _aMorgan y la antropología contemporánea -- El materialismo histórico frente a las sociedades -- segmentarías y de linajes ... | ||
| 650 |
_aMaterialismo histórico _94121 |
||
| 650 |
_aSociedades primitivas _96023 |
||
| 650 |
_aAntropología _9878 |
||
| 700 |
_aPochtar, Ricardo _96024 |
||
| 942 |
_2ddc _cLIBROS |
||
| 945 |
_aacv _d2019-02-27 |
||